Revitalizácia nástupných priestorov v Parku pri liečebnom ústave v Lefantovciach

Saved in:
Bibliographic Details
Main Author: Bačinská, Lea (Author)
Other Authors: Majorošová, Martina (Thesis advisor)
Format: Manuscript Book
Language:Slovak
Published: 2024
Subjects:
Online Access:http://is.stuba.sk/zp/portal_zp.pl?podrobnosti=167930
https://opac.crzp.sk/?fn=detailBiblioForm&sid=E866CA411CD4E5149FB68269BB2C
Tags: Add Tag
No Tags, Be the first to tag this record!

MARC

LEADER 00000ntm a22000003a 4500
001 stuzp99056
003 SK-STU
005 20240909100402.2
007 ta
008 150427s2015----xo-----f-mn---000-0-slo-d
040 |a STU  |b slo 
041 0 |a slo 
100 1 |a Bačinská, Lea  |u 010160  |4 aut  |U SvF Stavebná fakulta  |T SvF Katedra vodného hospodárstva krajiny  |X 115291  |U V160  |Y 16  |7 115291 
242 0 1 |a Revitalization of entrance areas in the Park Medical Institution in Lefantovce  |y eng 
245 1 0 |a Revitalizácia nástupných priestorov v Parku pri liečebnom ústave v Lefantovciach 
260 |c 2024 
650 4 |a bludisko  |2 slo 
650 4 |a revitalizácia  |2 slo 
650 4 |a baroková záhrada  |2 slo 
650 4 |a teréne úpravy  |2 slo 
650 4 |a krajinná architektúra  |2 slo 
650 4 |a kaštieľ  |2 slo 
650 4 |a vodná fontána  |2 slo 
650 4 |a minigolf  |2 slo 
650 4 |a pokojné prostredie  |2 slo 
650 4 |a manor house  |2 eng 
650 4 |a maze  |2 eng 
650 4 |a tranquil environment  |2 eng 
650 4 |a baroque garden  |2 eng 
650 4 |a landscape architecture  |2 eng 
650 4 |a mini golf  |2 eng 
650 4 |a revitalization  |2 eng 
650 4 |a landscaping  |2 eng 
650 4 |a water fountain  |2 eng 
700 1 |a Majorošová, Martina  |u 010160  |k Z1  |4 ths  |U SvF Stavebná fakulta  |T SvF Katedra vodného hospodárstva krajiny  |X 68887  |U V160  |Y 16  |7 A000068887 
856 4 |u http://is.stuba.sk/zp/portal_zp.pl?podrobnosti=167930 
856 4 |u https://opac.crzp.sk/?fn=detailBiblioForm&sid=E866CA411CD4E5149FB68269BB2C